000 004240000a22001810004500
003 MACL
005 20150910120231.0
008 150910b xxu||||| |||| 00| 0 eng d
040 _aMACL
_cMACL
041 _aEnglish
082 _a821/THA
100 _aThakur, M M
_99776
245 _aSelected Poems Of Nirala
260 _bSahitya Akademi
_c2006
_aDelhi
350 _a75
650 _apoetry
_99777
942 _cBK
_k821
_2ddc
999 _c8201
_d8201